Newcastle upon Tyne (Record no. 195000)
[ view plain ]
| 000 -LEADER | |
|---|---|
| fixed length control field | 01001 a2200157 4500 |
| 003 - CONTROL NUMBER IDENTIFIER | |
| control field | Nust |
| 005 - DATE AND TIME OF LATEST TRANSACTION | |
| control field | 20170207154214.0 |
| 040 ## - CATALOGING SOURCE | |
| Transcribing agency | Nust |
| 082 ## - DEWEY DECIMAL CLASSIFICATION NUMBER | |
| Classification number | 378.4 |
| 245 ## - TITLE STATEMENT | |
| Title | Newcastle upon Tyne |
| Remainder of title | Uni Newcastle upon Tyne |
| 260 ## - PUBLICATION, DISTRIBUTION, ETC. | |
| Place of publication, distribution, etc. | Newcastle |
| Name of publisher, distributor, etc. | Uni Newcastle upon Tyne |
| Date of publication, distribution, etc. | 2001 |
| 300 ## - PHYSICAL DESCRIPTION | |
| Extent | 204 p. |
| 505 ## - FORMATTED CONTENTS NOTE | |
| Formatted contents note | Index of Degrees (Page-4) Welcome to Newcastle (Page-8) Studying at Newcastle (Page-10) Living in Newcastle (Page-16) Student Life (Page-22) Student Services (Page-28) International Students (Page-41) Arts Social Sciences (Page-68) Part-Time Degree (Page-81) Law and Business (Page-84) Medical and Biomedical Sciences (Page-97) Physical Sciences (Page-124) Engineering (Page-142) Application and Admissions Procedure (Page-194) Curriculum 2000-Post-16 Qualifications (Page-198) Finding out More (Page-199) Visiting the Uni (Page-200) 201 2000 Visit Day Registration Form (Page-201) Photo Credits (Page-203) Location Maps (Page-204) |
| 538 ## - SYSTEM DETAILS NOTE | |
| System details note | Almirah No.117 Shelf No.2 |
| 650 ## - SUBJECT ADDED ENTRY--TOPICAL TERM | |
| Topical term or geographic name entry element | UG Prospectus |
| 942 ## - ADDED ENTRY ELEMENTS (KOHA) | |
| Source of classification or shelving scheme | |
| Koha item type | Book |
| Withdrawn status | Lost status | Source of classification or shelving scheme | Damaged status | Not for loan | Collection code | Permanent Location | Current Location | Date acquired | Total Checkouts | Full call number | Barcode | Date last seen | Price effective from | Koha item type |
|---|---|---|---|---|---|---|---|---|---|---|---|---|---|---|
| Military College of Signals (MCS) | Military College of Signals (MCS) | 12/12/2016 | 378.4 NEW | MCSPS-40 | 12/08/2016 | 12/12/2016 | Book | |||||||
| Military College of Signals (MCS) | Military College of Signals (MCS) | 12/12/2016 | 378.4 NEW | MCSPS-60 | 12/08/2016 | 12/12/2016 | Book |
